• 首页
  • 本馆介绍
  • 公告通知
  • 最新文献
  • 馆藏检索
  • 电子资源
  • 读者导购
  • 参考咨询
  • 我的图书馆
  • 登录
  • 详细信息显示
  • 放入我的书架
  • 预约/预借图书
  • 作者相关作品
  • 分类相关作品
  • 丛书相关作品
  • 出版社相关作品

书目信息

  • 表格格式
  • 工作单格式
  • 卡片格式
题名:
阴影里的逐杀
    
 
作者: 韩显阳 著
分册:  
出版信息: 北京   当代世界出版社  2003
页数: 12,450页
开本: 21cm
丛书名:
单 册:
中图分类: D526
科图分类:
主题词: 情报机构--活动--英国 , 情报机构--活动--美国
电子资源:
ISBN: 7-80115-614-5
000 00891nam0 2200241 45
001 002590320
005 20050413102048.3
010    @a7-80115-614-5@dCNY25.00
100    @a20040302d2003 em y0chiy0110 ea
101 0  @achi
102    @aCN@b110000
105    @aa z 000yy
200 1  @a阴影里的逐杀@Ayin ying li de zhu sha@e美英情报机构是如何颠覆南斯拉夫的@f韩显阳著@FHan Xian Yang Zhu
210    @a北京@c当代世界出版社@d2003
215    @a12,450页@c彩照@d21cm
330    @a本书通过对美英情报机构颠覆南斯拉夫的分析与介绍,披露西方国家情报机构的活动,展现了“巴尔干火药桶”南斯拉夫变为塞黑的历程。
517 1  @a美英情报机构是如何颠覆南斯拉夫的@Amei ying qing bao ji gou shi ru he dian fu nan si la fu de
606 0  @a情报机构@x活动@y英国
606 0  @a情报机构@x活动@y美国
690    @aD526@v4
701  0 @a韩显阳@4著
801  0 @aCN@bNLC@c20040816
905    @f5@b349000-004@dD526@e105
    
    阴影里的逐杀:美英情报机构是如何颠覆南斯拉夫的/韩显阳著.-北京:当代世界出版社,2003
    12,450页:彩照;21cm
    
    
    ISBN 7-80115-614-5:CNY25.00
    本书通过对美英情报机构颠覆南斯拉夫的分析与介绍,披露西方国家情报机构的活动,展现了“巴尔干火药桶”南斯拉夫变为塞黑的历程。
●
相关链接 在E读中查询图书 在五车中查询图书 在当当中查询图书 在豆瓣中查询图书


正题名:阴影里的逐杀     索取号:D526/105         预约/预借

序号 登录号 条形码 馆藏地/架位号 状态 备注
1 0349000   203490007   第一样本阅览室/ [索取号:D526/105] 在馆    
2 0349001   203490016   第一借阅区/ [索取号:D526/105] 在馆    
3 0349002   203490025   第一借阅区/ [索取号:D526/105] 在馆    
4 0349003   203490034   第一借阅区/ [索取号:D526/105] 在馆    
5 0349004   203490043   第一借阅区/ [索取号:D526/105] 已借出,限还日期为2011.07.25
借出人:李 龙  
 
唐山师范学院图书馆 欢迎您!
大连网信软件有限公司© 版权所有